000 01232pab a2200169 454500
008 180718b1999 xxu||||| |||| 00| 0 eng d
100 _aAulich, Chris
245 _aFrom convergence to divergence: reforming Australian local government
260 _c1999
300 _ap.12-23
362 _aSep
520 _aThe article maps local government reform in the six Australian states over the last decade. It identifies an earlier phase of reform that focused primarily on redefining the roles and relationships within local government, especially between state and local governments, principally through the reform of the state local government Acts. As state reform agendas have shifted more to focus on managerial improvement, significant differences between local government reforms between states have emerged, in focus, process and outcomes. These differences are such that the role of local government itself has been refocused in several states away from the traditional local democracy values that have for so long underpinned this third sphere of government. - Reproduced
650 _aLocal government - Australia
650 _aLocal government
773 _aAustralian Journal of Public Administration
909 _a43804
999 _c43804
_d43804